000 01015nas a2200277 4500
001 BR9210563
003 BR-BrBNA
005 20231205093408.0
007 ta
008 230509b bl.|||p| |||| 00| 00por d
040 _aBR-BrBNA
_bpor
_cBiblioteca Nacional de Agricultura
041 _a(Pt)
072 _aQ03
100 1 _aAraujo, W.P. de
100 1 _aIaria, S.T.
100 1 _aPaim, G.V.
100 1 _aSole-Vernin, C.
245 1 _aStaphylococcus aureus em leite cru. Contagem, verificacao da enterotoxigenicidade e fagotipagem das cepas isoladas
246 1 _aStaphylococcus aureus in raw milk. Bacterial counts enterotoxin production and phage-typing of the isolates
650 _aLEITE
650 _aCONTAMINACAO BACTERIANA
650 _aINSPECAO SANITARIA
773 0 _tRevista da Faculdade de Medicina Veterinaria e Zootecnia da Universidade de Sao Paulo (Brazil)
_xISSN 0303-7525
_g(1989), v. 26(2) p. 187-198
_wBR9210563
909 _a202311
_bLúcia
_c55
_dLúcia Elande
942 _2AGRIS
_n0
_cANA
999 _c138044
_d138044